[Event "NJ Jeugd Bj"]
[Site "Assen"]
[Date "2017.04.26"]
[Round "6.11"]
[White "Eelsingh, Janko"]
[Black "Kanbier, Guy"]
[Result "1-0"]
[WhiteElo "1093"]
[BlackElo "1214"]
[PlyCount "57"]
[EventDate "2017.??.??"]

1. e4 e5 2. Nf3 Nc6 3. d4 d6 4. d5 Nce7 5. Nc3 Bd7 6. Be2 h6 7. O-O Nf6 8. Be3
c6 9. dxc6 Nxc6 10. Nb5 Nxe4 11. Bc4 Be7 12. Bxf7+ Kxf7 13. Qd5+ Be6 14. Qxe4
d5 15. Nxe5+ Nxe5 16. Qxe5 Qd7 17. Nd4 g5 18. f4 Raf8 19. fxg5+ Ke8 20. Rxf8+
Rxf8 21. Nxe6 Rg8 22. gxh6 Rg6 23. h7 Rxe6 24. h8=Q+ Bf8 25. Qb8+ Qd8 26. Qxd8+
Kxd8 27. Qxf8+ Re8 28. Qd6+ Kc8 29. Bf4 1-0

[Event "NJ Jeugd Bj"]
[Site "Assen"]
[Date "2017.04.27"]
[Round "7.1"]
[White "Wedda, Dries"]
[Black "Kokje, Joris"]
[Result "0-1"]
[WhiteElo "2079"]
[BlackElo "2187"]
[PlyCount "50"]
[EventDate "2017.??.??"]

1. d4 Nf6 2. c4 g6 3. f3 Bg7 4. e4 d6 5. Ne2 O-O 6. Be3 c5 7. Qd2 Nc6 8. d5 Ne5
9. Na3 e6 10. dxe6 Bxe6 11. Nf4 Qe7 12. Be2 a6 13. O-O b5 14. cxb5 axb5 15.
Nxe6 fxe6 16. Nxb5 Nf7 17. Rac1 Rxa2 18. e5 Nxe5 19. Nxd6 Rb8 20. Rc2 Nd5 21.
Bxc5 Rbxb2 22. Rfc1 Nd7 23. Ba3 Rxc2 24. Rxc2 Rxa3 25. Rc8+ Nf8 0-1

[Event "NJ Jeugd Bj"]
[Site "Assen"]
[Date "2017.04.27"]
[Round "7.2"]
[White "Nguyen, Kevin"]
[Black "Tang, Charlie"]
[Result "1-0"]
[WhiteElo "2143"]
[BlackElo "2041"]
[PlyCount "79"]
[EventDate "2017.??.??"]

1. Nf3 d5 2. g3 Nf6 3. Bg2 c6 4. d3 Bf5 5. O-O Nbd7 6. c4 h6 7. Nc3 e6 8. cxd5
cxd5 9. Bf4 Qb6 10. Qa4 Qa6 11. Qxa6 bxa6 12. e4 dxe4 13. dxe4 Bh7 14. Rad1 Nb6
15. Nd4 Rc8 16. Rc1 Bc5 17. Nb3 Bb4 18. Na4 Ke7 19. Nac5 a5 20. a3 Bxc5 21.
Nxc5 a4 22. f3 Nfd7 23. Be3 Ne5 24. Bf2 Nec4 25. Rc2 Rhd8 26. Rfc1 Na5 27. Bf1
f6 28. Bb5 f5 29. Nxa4 Rxc2 30. Rxc2 fxe4 31. Rc7+ Kf6 32. Nxb6 axb6 33. Bxb6
Rd1+ 34. Kf2 Nb3 35. Rd7 Rb1 36. Bd8+ Kg6 37. fxe4 Rxb2+ 38. Kg1 Nc5 39. Rb7
Nxb7 40. Be8# 1-0

[Event "NJ Jeugd Bj"]
[Site "Assen"]
[Date "2017.04.27"]
[Round "7.3"]
[White "Kouwenhoven, Derk"]
[Black "Dijkhuis, Oele"]
[Result "0-1"]
[WhiteElo "2077"]
[BlackElo "1944"]
[PlyCount "54"]
[EventDate "2017.??.??"]

1. e4 c5 2. Nf3 d6 3. d4 cxd4 4. Nxd4 Nf6 5. Nc3 g6 6. Be3 Bg7 7. f3 O-O 8. Qd2
Nc6 9. g4 Be6 10. Nxe6 fxe6 11. O-O-O Rc8 12. h4 Qa5 13. Kb1 Nd7 14. Be2 Nb6
15. Nb5 Nb4 16. a3 Rxc2 17. axb4 Rxd2 18. Bxd2 Qa4 19. Rc1 d5 20. h5 d4 21. Nc7
Qb3 22. Bd1 Qd3+ 23. Rc2 Rc8 24. Bf4 g5 25. Bh2 Nc4 26. Be2 Nd2+ 27. Kc1 Qxe2
0-1

[Event "NJ Jeugd Bj"]
[Site "Assen"]
[Date "2017.04.27"]
[Round "7.4"]
[White "Van Randtwijk, Mick"]
[Black "Bekedam, Tyro"]
[Result "0-1"]
[WhiteElo "2014"]
[BlackElo "2004"]
[PlyCount "64"]
[EventDate "2017.??.??"]

1. e4 c6 2. d4 d5 3. Nc3 dxe4 4. Nxe4 Bf5 5. Ng3 Bg6 6. h4 h6 7. Nf3 e6 8. Ne5
Bh7 9. Bc4 Nd7 10. Qe2 Nxe5 11. dxe5 Ne7 12. Ne4 Qa5+ 13. Nc3 Nf5 14. Bb3 Nd4
15. Qe3 Bc5 16. Qg3 Bxc2 17. Bc4 b5 18. Bd2 bxc4 19. Nd5 Qd8 20. Qxg7 Qxd5 21.
Qxh8+ Bf8 22. Bxh6 Qe4+ 23. Be3 Qxg2 24. Kd2 O-O-O 25. Bxd4 Rxd4+ 26. Kc3 Qf3+
27. Kxc2 Qe4+ 28. Kc1 Qxh1+ 29. Kc2 Qe4+ 30. Kc1 Qe1+ 31. Kc2 Qd2+ 32. Kb1 Qd1#
0-1

[Event "NJ Jeugd Bj"]
[Site "Assen"]
[Date "2017.04.27"]
[Round "7.5"]
[White "Baselmans, Luuk"]
[Black "Omota, Vlad"]
[Result "1-0"]
[WhiteElo "1838"]
[BlackElo "1895"]
[PlyCount "63"]
[EventDate "2017.??.??"]

1. e4 e6 2. d4 d5 3. Nd2 c5 4. exd5 Qxd5 5. Ngf3 cxd4 6. Bc4 Qd8 7. O-O Nc6 8.
Nb3 Nf6 9. Nbxd4 Nxd4 10. Qxd4 Qxd4 11. Nxd4 a6 12. Bf4 Be7 13. Rad1 O-O 14.
Rfe1 b5 15. Bb3 Bb7 16. Nxe6 Rfd8 17. Nxd8 Rxd8 18. Rxd8+ Bxd8 19. Rd1 Be7 20.
Bg5 Bc8 21. Re1 Kf8 22. a4 h6 23. Bh4 g5 24. Bg3 Nd7 25. axb5 axb5 26. Bd5 Nb6
27. Bc6 b4 28. b3 Be6 29. Rd1 Bf5 30. Rd2 Kg7 31. Bc7 Bc5 32. Be5+ 1-0

[Event "NJ Jeugd Bj"]
[Site "Assen"]
[Date "2017.04.27"]
[Round "7.6"]
[White "Gijsen, William"]
[Black "Ypma, Jord"]
[Result "0-1"]
[WhiteElo "1799"]
[BlackElo "1542"]
[PlyCount "60"]
[EventDate "2017.??.??"]

1. e4 c5 2. c3 g6 3. d4 cxd4 4. cxd4 d5 5. exd5 Qxd5 6. Nc3 Qe6+ 7. Be3 Nf6 8.
Be2 Nd5 9. Nxd5 Qxd5 10. Nf3 Bg7 11. Rc1 O-O 12. Bc4 Qh5 13. O-O Bg4 14. Be2
Nc6 15. h3 Bxf3 16. Bxf3 Qb5 17. Qd2 Nxd4 18. Bxd4 Rfd8 19. Rc5 Qxc5 20. Bxc5
Rxd2 21. Bxe7 Rxb2 22. Bd5 Re2 23. Bh4 Rae8 24. Bxb7 Rxa2 25. Rc1 Ra1 26. Rxa1
Bxa1 27. Kf1 Bc3 28. f3 a5 29. Bg3 a4 30. Bc6 a3 0-1

[Event "NJ Jeugd Bj"]
[Site "Assen"]
[Date "2017.04.27"]
[Round "7.7"]
[White "Joosse, Xander"]
[Black "Reichardt, Robin"]
[Result "0-1"]
[WhiteElo "1167"]
[BlackElo "1855"]
[PlyCount "118"]
[EventDate "2017.??.??"]

1. d4 d5 2. c4 c6 3. Nf3 e6 4. Bf4 dxc4 5. e3 b5 6. Nbd2 Bb4 7. a3 Ba5 8. Qc2
Bb7 9. Be2 Nf6 10. O-O O-O 11. Ne4 Nxe4 12. Qxe4 Nd7 13. Bg5 Qe8 14. Bf4 Qc8
15. Ng5 Nf6 16. Qc2 h6 17. Nf3 Bc7 18. Bxc7 Qxc7 19. a4 a6 20. Rfc1 Rfc8 21.
axb5 axb5 22. Ne5 Nd7 23. Nxd7 Qxd7 24. Bf3 Qe8 25. h3 Rxa1 26. Rxa1 Ra8 27.
Qb1 Rxa1 28. Qxa1 Qa8 29. Qxa8+ Bxa8 30. Kf1 Kf8 31. Ke2 Bb7 32. Kd2 b4 33. Kc2
Ke7 34. Kd2 Kd6 35. Kc2 Ba6 36. Be2 c5 37. dxc5+ Kxc5 38. f3 Bb5 39. g3 Bc6 40.
Kd2 f6 41. f4 Bg2 42. h4 Be4 43. Bd1 Kd5 44. Be2 g6 45. Bd1 e5 46. Be2 exf4 47.
gxf4 Bg2 48. Bg4 Ke4 49. Be6 c3+ 50. bxc3 bxc3+ 51. Kxc3 Kxe3 52. f5 g5 53.
hxg5 hxg5 54. Kc4 g4 55. Kc5 Be4 56. Kd6 Kf4 57. Bc8 g3 58. Ke7 Ke5 59. Be6 g2
0-1

[Event "NJ Jeugd Bj"]
[Site "Assen"]
[Date "2017.04.27"]
[Round "7.8"]
[White "Hubers, Daan"]
[Black "Post, Jesper"]
[Result "1-0"]
[WhiteElo "1402"]
[BlackElo "1694"]
[PlyCount "103"]
[EventDate "2017.??.??"]

1. e4 c5 2. c3 Nf6 3. e5 Nd5 4. d4 cxd4 5. cxd4 Nc6 6. Bc4 Nb6 7. Bb3 d6 8. Nf3
dxe5 9. Nxe5 Nxe5 10. dxe5 Qxd1+ 11. Bxd1 Bd7 12. O-O Rc8 13. Bb3 e6 14. Be3
Bb5 15. Rd1 Bc5 16. Nc3 Bc4 17. Bxc4 Nxc4 18. Bxc5 Rxc5 19. Na4 Rxe5 20. Rac1
b5 21. b3 bxa4 22. Rxc4 Ke7 23. Rxa4 a5 24. Rc4 Rd8 25. Rcc1 Red5 26. Rxd5 Rxd5
27. g3 Rd2 28. a4 Rd3 29. Rc7+ Kf6 30. Rb7 Rd1+ 31. Kg2 Rb1 32. Rb5 g6 33. Kf3
h5 34. h4 Ke7 35. Ke3 Rc1 36. Kd2 Rf1 37. Rxa5 Rxf2+ 38. Ke3 Rc2 39. b4 Rc3+
40. Kf2 Rb3 41. Rb5 Kd6 42. a5 Kc6 43. Rb6+ Kc7 44. b5 e5 45. Rc6+ Kb8 46. b6
Rb2+ 47. Ke3 f5 48. a6 Rb3+ 49. Kd2 Ra3 50. b7 Ka7 51. Rc8 Rb3 52. Ra8+ 1-0

[Event "NJ Jeugd Bj"]
[Site "Assen"]
[Date "2017.04.27"]
[Round "7.9"]
[White "Ten Have, Dimitri"]
[Black "Eelsingh, Janko"]
[Result "1-0"]
[WhiteElo "1396"]
[BlackElo "1093"]
[PlyCount "107"]
[EventDate "2017.??.??"]

1. d4 f5 2. Nf3 Nf6 3. e3 e6 4. Bd3 b6 5. Nbd2 Bb7 6. O-O c5 7. b3 Qc7 8. Bb2
Bd6 9. h3 Nc6 10. a3 O-O-O 11. Nc4 h5 12. dxc5 Bxc5 13. b4 Bd6 14. Bxf5 Bxb4
15. axb4 exf5 16. Nd6+ Kb8 17. Nf7 Ng4 18. hxg4 hxg4 19. Qd6 Qxd6 20. Nxd6 gxf3
21. g3 Rh7 22. Nxf5 Rdh8 23. Nh4 Ne7 24. Be5+ Ka8 25. Ra3 Nf5 26. Rfa1 a6 27.
b5 a5 28. Rxa5+ bxa5 29. Rxa5+ Ba6 30. Rxa6+ Kb7 31. Nxf3 Rh1+ 32. Kg2 Rb1 33.
c4 d5 34. cxd5 Rxb5 35. Rg6 Rxd5 36. e4 Ne7 37. Rxg7 Rd7 38. Rxe7 Rxe7 39. Bxh8
Rxe4 40. Be5 Kc6 41. Bf4 Kd5 42. Be3 Kd6 43. Kh3 Ke7 44. g4 Kf6 45. Nh4 Re8 46.
Nf5 Rh8+ 47. Kg3 Rg8 48. f3 Rg6 49. Bd4+ Kf7 50. f4 Ke6 51. Nh4 Rg8 52. g5 Kd5
53. Be5 Ke6 54. Kg4 1-0

[Event "NJ Jeugd Bj"]
[Site "Assen"]
[Date "2017.04.27"]
[Round "7.10"]
[White "Kanger, Thomas"]
[Black "Klein, Jorik"]
[Result "1/2-1/2"]
[WhiteElo "1382"]
[BlackElo "1905"]
[PlyCount "31"]
[EventDate "2017.??.??"]

1. d4 Nf6 2. c4 g6 3. Nc3 Bg7 4. e4 d6 5. f4 O-O 6. Nf3 c5 7. d5 Nfd7 8. h4 h5
9. Ng5 Nf6 10. Bd3 Ng4 11. f5 Bd4 12. Rf1 Nh2 13. Rh1 Ng4 14. Rf1 Nh2 15. Rh1
Ng4 16. Rf1 1/2-1/2

[Event "NJ Jeugd Bj"]
[Site "Assen"]
[Date "2017.04.27"]
[Round "7.11"]
[White "Kanbier, Guy"]
[Black "Emans, Job"]
[Result "0-1"]
[WhiteElo "1214"]
[BlackElo "1734"]
[PlyCount "46"]
[EventDate "2017.??.??"]

1. e4 e6 2. d4 d5 3. exd5 exd5 4. Bd3 Bd6 5. Qf3 Nc6 6. c3 Nge7 7. Ne2 Be6 8.
h3 Qd7 9. O-O O-O-O 10. Nf4 Bxf4 11. Bxf4 h6 12. Na3 g5 13. Bh2 g4 14. hxg4
Bxg4 15. Qxf7 Rdf8 16. Qg7 Rhg8 17. Qh7 Qe6 18. Bb1 Qf6 19. Qd3 Bf3 20. g3 Qe6
21. Nc2 Qh3 22. Ne3 Rg5 23. Re1 Rh5 0-1

[Event "NJ Jeugd Bj"]
[Site "Assen"]
[Date "2017.04.28"]
[Round "8.1"]
[White "Kokje, Joris"]
[Black "Nguyen, Kevin"]
[Result "0-1"]
[WhiteElo "2187"]
[BlackElo "2143"]
[PlyCount "68"]
[EventDate "2017.??.??"]

1. d4 Nf6 2. c4 g6 3. Nc3 Bg7 4. Nf3 O-O 5. g3 d6 6. Bg2 Nbd7 7. O-O Re8 8. Qc2
e5 9. dxe5 dxe5 10. Rd1 c6 11. Ng5 Qe7 12. Nge4 Nc5 13. Nd6 Rd8 14. Nxc8 Rxd1+
15. Qxd1 Rxc8 16. Qc2 Ne6 17. e3 h5 18. b3 h4 19. Bb2 Nd7 20. Rd1 f5 21. Qd2
Rd8 22. Qe2 Ng5 23. gxh4 Ne6 24. Qf3 e4 25. Qe2 Ne5 26. Rxd8+ Qxd8 27. f3 exf3
28. Bxf3 Qxh4 29. Bg2 Ng4 30. h3 Nf4 31. exf4 Bd4+ 32. Kh1 Nf2+ 33. Kg1 Ne4+
34. Kh2 Qxf4+ 0-1

[Event "NJ Jeugd Bj"]
[Site "Assen"]
[Date "2017.04.28"]
[Round "8.2"]
[White "Bekedam, Tyro"]
[Black "Dijkhuis, Oele"]
[Result "0-1"]
[WhiteElo "2004"]
[BlackElo "1944"]
[PlyCount "70"]
[EventDate "2017.??.??"]

1. e4 c5 2. Nf3 d6 3. d4 cxd4 4. Qxd4 Nc6 5. Bb5 e5 6. Qd3 Nf6 7. Nc3 Be7 8.
Bg5 O-O 9. O-O-O Be6 10. Bxf6 Bxf6 11. Nd5 Rc8 12. a3 Bxd5 13. Qxd5 Qb6 14.
Bxc6 Rxc6 15. Rd2 Be7 16. g4 Rc5 17. Qd3 Qc6 18. h4 b5 19. c3 a5 20. Rc2 b4 21.
cxb4 axb4 22. axb4 Rxc2+ 23. Qxc2 Qa6 24. Kd2 d5 25. Rc1 Bxb4+ 26. Ke3 d4+ 27.
Nxd4 exd4+ 28. Kxd4 Qb6+ 29. Kd3 Rd8+ 30. Ke2 Qe6 31. Kf3 h5 32. gxh5 Qh3+ 33.
Ke2 Rd2+ 34. Qxd2 Bxd2 35. Kxd2 Qxh4 0-1

[Event "NJ Jeugd Bj"]
[Site "Assen"]
[Date "2017.04.28"]
[Round "8.3"]
[White "Wedda, Dries"]
[Black "Baselmans, Luuk"]
[Result "1-0"]
[WhiteElo "2079"]
[BlackElo "1838"]
[PlyCount "69"]
[EventDate "2017.??.??"]

1. d4 e6 2. c4 Bb4+ 3. Nd2 b6 4. a3 Bxd2+ 5. Qxd2 Bb7 6. Nf3 Nf6 7. e3 d6 8.
Be2 Nbd7 9. O-O O-O 10. b4 a5 11. Bb2 Ne4 12. Qc2 f5 13. d5 exd5 14. Nd4 Qe7
15. cxd5 Bxd5 16. f3 Nef6 17. Nxf5 Qd8 18. Rac1 axb4 19. axb4 Ra7 20. Rfd1 Ba8
21. e4 Qe8 22. Ra1 Rxa1 23. Bxa1 Qb8 24. Bc4+ Kh8 25. Qf2 Ne5 26. Bxe5 dxe5 27.
Qg3 g6 28. Nh6 Kg7 29. Ng4 b5 30. Nxf6 bxc4 31. Nd7 Qa7+ 32. Nc5 Re8 33. Rd7+
Kg8 34. Qh4 Qa1+ 35. Kf2 1-0

[Event "NJ Jeugd Bj"]
[Site "Assen"]
[Date "2017.04.28"]
[Round "8.4"]
[White "Reichardt, Robin"]
[Black "Kouwenhoven, Derk"]
[Result "0-1"]
[WhiteElo "1855"]
[BlackElo "2077"]
[PlyCount "106"]
[EventDate "2017.??.??"]

1. d4 Nf6 2. c4 g6 3. Nf3 Bg7 4. Nc3 O-O 5. g3 d6 6. Bg2 Nc6 7. O-O a6 8. h3
Rb8 9. e4 b5 10. d5 Na5 11. cxb5 axb5 12. Nd4 b4 13. Nce2 e5 14. Nb3 Nxb3 15.
Qxb3 Ba6 16. Re1 Nd7 17. Be3 f5 18. f4 fxe4 19. Bxe4 Qe7 20. Bd3 Bc8 21. Rac1
Nb6 22. Kh2 Qd7 23. Ng1 Bb7 24. Be4 exf4 25. Bxf4 Rbe8 26. Bg2 Re7 27. Re6 Rfe8
28. Rce1 Ba8 29. Bg5 Rxe6 30. dxe6 Qa4 31. Qxa4 Nxa4 32. Bxa8 Rxa8 33. Rf1 Nc5
34. e7 Re8 35. b3 Ne4 36. Nf3 h6 37. Bd2 c5 38. Re1 Rxe7 39. Bf4 d5 40. Nd2 Bc3
41. Bxh6 Bxd2 42. Bxd2 Ra7 43. a4 Nxd2 44. Re6 Nxb3 45. Rxg6+ Kh7 46. Rd6 d4
47. h4 c4 48. g4 c3 49. g5 c2 50. h5 c1=Q 51. Rh6+ Kg7 52. Rg6+ Kf7 53. Rf6+
Ke7 0-1

[Event "NJ Jeugd Bj"]
[Site "Assen"]
[Date "2017.04.28"]
[Round "8.5"]
[White "Tang, Charlie"]
[Black "Van Randtwijk, Mick"]
[Result "1/2-1/2"]
[WhiteElo "2041"]
[BlackElo "2014"]
[PlyCount "62"]
[EventDate "2017.??.??"]

1. e4 c5 2. Nf3 Nc6 3. d4 cxd4 4. Nxd4 g6 5. Nc3 Bg7 6. Be3 Nf6 7. Bc4 Qa5 8.
O-O O-O 9. Bb3 d6 10. h3 Bd7 11. f4 Nxd4 12. Bxd4 Bc6 13. Nd5 Nxd5 14. Bxg7
Kxg7 15. exd5 Bd7 16. Qd4+ Kg8 17. Rfe1 Rfe8 18. Re3 Qb6 19. Qxb6 axb6 20. Rae1
Kf8 21. Rc3 Rec8 22. Ree3 Rc5 23. Rc4 Bf5 24. Rxc5 bxc5 25. a3 b5 26. c4 b4 27.
axb4 Ra1+ 28. Kf2 cxb4 29. Re1 Rxe1 30. Kxe1 Bd3 31. Kf2 Ke8 1/2-1/2

[Event "NJ Jeugd Bj"]
[Site "Assen"]
[Date "2017.04.28"]
[Round "8.6"]
[White "Ypma, Jord"]
[Black "Ten Have, Dimitri"]
[Result "1-0"]
[WhiteElo "1542"]
[BlackElo "1396"]
[PlyCount "111"]
[EventDate "2017.??.??"]

1. d4 Nf6 2. Bf4 e6 3. Nf3 d5 4. e3 Nbd7 5. Nbd2 Be7 6. Bd3 b6 7. O-O O-O 8. c3
Bb7 9. Ne5 Nxe5 10. dxe5 Ne4 11. Qc2 f5 12. exf6 Nxf6 13. Nf3 Ne4 14. Nd4 Qd7
15. f3 Nf6 16. Be5 h6 17. f4 Ne4 18. Bxe4 dxe4 19. Rad1 Bd6 20. Bxd6 cxd6 21.
Qb3 d5 22. Qb5 Qxb5 23. Nxb5 Ba6 24. a4 Bxb5 25. axb5 Rac8 26. Rd4 Rc5 27. Rb4
Rfc8 28. Ra1 R8c7 29. Kf2 Kf7 30. Ke2 Kf6 31. g4 g5 32. f5 exf5 33. Rf1 Rf7 34.
Rxf5+ Ke6 35. Rxf7 Kxf7 36. Ra4 Rc7 37. Kd2 Ke6 38. b3 Kd6 39. c4 Rf7 40. Ke2
Re7 41. Ra1 Kc5 42. cxd5 Kxd5 43. Rc1 Rh7 44. Rc6 Ke5 45. Kd2 Rd7+ 46. Ke2 Rh7
47. h3 Kd5 48. Kd2 Ke5 49. Kc2 Kd5 50. Kc3 h5 51. Rg6 hxg4 52. Rxg5+ Ke6 53.
hxg4 Kf6 54. Rf5+ Ke6 55. Kd4 Rh4 56. Rf4 1-0

[Event "NJ Jeugd Bj"]
[Site "Assen"]
[Date "2017.04.28"]
[Round "8.7"]
[White "Klein, Jorik"]
[Black "Gijsen, William"]
[Result "1/2-1/2"]
[WhiteElo "1905"]
[BlackElo "1799"]
[PlyCount "47"]
[EventDate "2017.??.??"]

1. e4 c6 2. d4 d5 3. Nc3 dxe4 4. Nxe4 Nf6 5. Nxf6+ exf6 6. Nf3 Bd6 7. Bd3 O-O
8. O-O Be6 9. Be3 Qc7 10. c4 Nd7 11. h3 Rfe8 12. d5 cxd5 13. cxd5 Bxd5 14.
Bxh7+ Kxh7 15. Qxd5 Ne5 16. Rac1 Qe7 17. Nd4 a6 18. Rfd1 Qd7 19. Qe4+ Ng6 20.
Qf5 Qxf5 21. Nxf5 Be5 22. Rd7 Nf4 23. Kf1 b5 24. Bxf4 1/2-1/2

[Event "NJ Jeugd Bj"]
[Site "Assen"]
[Date "2017.04.28"]
[Round "8.8"]
[White "Emans, Job"]
[Black "Omota, Vlad"]
[Result "0-1"]
[WhiteElo "1734"]
[BlackElo "1895"]
[PlyCount "116"]
[EventDate "2017.??.??"]

1. e4 e6 2. d4 d5 3. e5 c5 4. c3 Nc6 5. Nf3 Qb6 6. Bd3 Bd7 7. Bc2 Rc8 8. O-O
cxd4 9. cxd4 Nb4 10. Nc3 Nxc2 11. Qxc2 Ne7 12. Be3 Nf5 13. a3 Be7 14. Rac1 O-O
15. Qd2 Rc4 16. Rfd1 Rfc8 17. g4 Nxe3 18. fxe3 Qc7 19. Rf1 Be8 20. Qd3 a6 21.
Rc2 f6 22. Rcf2 Bg6 23. Qd1 Rxc3 24. bxc3 Qxc3 25. a4 b5 26. axb5 axb5 27. Qd2
b4 28. Qxc3 bxc3 29. Ne1 c2 30. Nxc2 Rxc2 31. Rxc2 Bxc2 32. Rc1 Be4 33. exf6
gxf6 34. Rc7 Kf7 35. Kf2 e5 36. h3 exd4 37. exd4 Ke6 38. Rc6+ Bd6 39. Ra6 Ke7
40. Ra7+ Ke8 41. Rb7 Be7 42. Rb5 Ba3 43. Rb7 Bc1 44. Ke2 Bg5 45. Kf2 Bh4+ 46.
Ke2 h6 47. Kf1 Bg3 48. Rb3 Bf4 49. Kf2 Kf7 50. Rb7+ Kg6 51. Rb6 Kg5 52. Rc6 f5
53. Rc8 fxg4 54. Rg8+ Kh5 55. Rxg4 Bg5 56. Rg1 Kh4 57. Rg3 Bf6 58. Rg4+ Kxh3
0-1

[Event "NJ Jeugd Bj"]
[Site "Assen"]
[Date "2017.04.28"]
[Round "8.9"]
[White "Post, Jesper"]
[Black "Eelsingh, Janko"]
[Result "1-0"]
[WhiteElo "1694"]
[BlackElo "1093"]
[PlyCount "51"]
[EventDate "2017.??.??"]

1. d4 Nf6 2. c4 g6 3. Nc3 Bg7 4. e4 d6 5. Nf3 O-O 6. Be2 c5 7. d5 Na6 8. O-O
Bd7 9. Bg5 h6 10. Bh4 g5 11. Bg3 Nc7 12. e5 Nh5 13. exd6 Nxg3 14. dxe7 Nxe2+
15. Qxe2 Qc8 16. exf8=Q+ Kxf8 17. Rfe1 Qd8 18. Ne4 b6 19. Ng3 Ne8 20. Ne5 Nf6
21. Rad1 Kg8 22. Nxd7 Qxd7 23. Qe7 Qa4 24. d6 Re8 25. Qxe8+ Nxe8 26. d7 1-0

[Event "NJ Jeugd Bj"]
[Site "Assen"]
[Date "2017.04.28"]
[Round "8.10"]
[White "Hubers, Daan"]
[Black "Kanger, Thomas"]
[Result "0-1"]
[WhiteElo "1402"]
[BlackElo "1382"]
[PlyCount "98"]
[EventDate "2017.??.??"]

1. e3 d5 2. d4 Bf5 3. c4 e6 4. Bd3 Bxd3 5. Qxd3 Nf6 6. cxd5 Qxd5 7. Nf3 Nc6 8.
Nc3 Qa5 9. Bd2 Nb4 10. Qb5+ Qxb5 11. Nxb5 O-O-O 12. Ke2 a6 13. Nc3 Bd6 14. Ng5
Rd7 15. Nce4 Nxe4 16. Nxe4 Nc6 17. h4 e5 18. Nxd6+ cxd6 19. Rac1 exd4 20. exd4
Re8+ 21. Be3 Rc7 22. Kf3 d5 23. h5 g6 24. hxg6 hxg6 25. Rh7 Nxd4+ 26. Kg4 Rxc1
27. Bxc1 Re7 28. Kg5 Re5+ 29. Kf6 Rf5+ 30. Ke7 Rxf2 31. Kd6 Nb5+ 32. Kxd5 Rf5+
33. Kc4 b6 34. Rh3 Rc5+ 35. Kb3 Rxc1 36. g4 Nd4+ 37. Ka3 b5 38. g5 Rc4 39. b4
Nc2+ 40. Kb3 Nxb4 41. a4 Rd4 42. Rh8+ Kb7 43. axb5 axb5 44. Kc3 Nc6 45. Kb2 b4
46. Ka2 Rd2+ 47. Kb1 b3 48. Ka1 Nb4 49. Kb1 Nd3 0-1

[Event "NJ Jeugd Bj"]
[Site "Assen"]
[Date "2017.04.28"]
[Round "8.11"]
[White "Kanbier, Guy"]
[Black "Joosse, Xander"]
[Result "0-1"]
[WhiteElo "1214"]
[BlackElo "1167"]
[PlyCount "54"]
[EventDate "2017.??.??"]

1. e4 e5 2. Nf3 Nc6 3. d4 exd4 4. Bc4 Be7 5. Nxd4 d6 6. Nxc6 bxc6 7. O-O Nf6 8.
Nc3 O-O 9. Qe2 Bb7 10. e5 dxe5 11. Qxe5 Bd6 12. Qe2 Qd7 13. h3 Rfe8 14. Qf3
Rab8 15. Bg5 c5 16. Qd1 Qf5 17. Bxf6 Qxf6 18. Rb1 Qf4 19. Bxf7+ Qxf7 20. Nb5
Qg6 21. g3 Bxg3 22. f3 Bf4+ 23. Kh1 Rbd8 24. Rf2 Rxd1+ 25. Rxd1 Qg3 26. Rdf1
Bxf3+ 27. Rxf3 Qh2# 0-1

[Event "NJ Jeugd Bj"]
[Site "Assen"]
[Date "2017.04.29"]
[Round "9.1"]
[White "Nguyen, Kevin"]
[Black "Kouwenhoven, Derk"]
[Result "0-1"]
[WhiteElo "2143"]
[BlackElo "2077"]
[PlyCount "120"]
[EventDate "2017.??.??"]

1. e4 c5 2. Nf3 e6 3. d3 Nc6 4. g3 g6 5. Bg2 Bg7 6. O-O Nge7 7. Nbd2 O-O 8. Re1
b6 9. Nf1 d5 10. e5 Qc7 11. Qe2 Nf5 12. c3 Ba6 13. h4 b5 14. N1h2 d4 15. g4
Nfe7 16. Bg5 Nd5 17. Rac1 Rac8 18. Qd2 dxc3 19. bxc3 Nxe5 20. Bh6 Nxf3+ 21.
Nxf3 Bb7 22. Rb1 a6 23. c4 bxc4 24. Bxg7 Kxg7 25. Rxb7 c3 26. Qg5 Qxb7 27. h5
f6 28. Qh4 Qf7 29. g5 gxh5 30. gxf6+ Qxf6 31. Qxh5 Nf4 32. Qg4+ Qg6 33. Ng5 h6
34. Nxe6+ Nxe6 35. Qxg6+ Kxg6 36. Rxe6+ Rf6 37. Re4 Rd6 38. Rc4 Rd4 39. Rxc3
Rd6 40. Ra3 Rc7 41. Rc3 Kg5 42. Kh2 h5 43. Be4 Kf4 44. Bg2 Ke5 45. Ra3 Rf7 46.
Kg1 Kd4 47. Ra5 Rg7 48. Kf1 Rg5 49. Be4 h4 50. Ra4+ Kc3 51. f4 Rh5 52. Kg2 h3+
53. Kh2 Kd2 54. Rc4 Rxd3 55. Bg6 Rhd5 56. Bxd3 Kxd3 57. Ra4 c4 58. Rxa6 c3 59.
Rc6 c2 60. Kxh3 Rd4 0-1

[Event "NJ Jeugd Bj"]
[Site "Assen"]
[Date "2017.04.29"]
[Round "9.2"]
[White "Dijkhuis, Oele"]
[Black "Ypma, Jord"]
[Result "1-0"]
[WhiteElo "1944"]
[BlackElo "1542"]
[PlyCount "29"]
[EventDate "2017.??.??"]

1. e4 c5 2. Nf3 g6 3. d4 cxd4 4. Qxd4 Nf6 5. Nc3 Nc6 6. Qa4 d6 7. e5 Nd7 8.
exd6 Nb6 9. Qh4 a6 10. Be3 Nd7 11. Bc4 e6 12. Bg5 Qb6 13. Bf6 Rg8 14. Ne4 Qb4+
15. Bc3 1-0

[Event "NJ Jeugd Bj"]
[Site "Assen"]
[Date "2017.04.29"]
[Round "9.3"]
[White "Bekedam, Tyro"]
[Black "Wedda, Dries"]
[Result "1-0"]
[WhiteElo "2004"]
[BlackElo "2079"]
[PlyCount "91"]
[EventDate "2017.??.??"]

1. e4 c5 2. Nf3 d6 3. d4 Nf6 4. Nc3 cxd4 5. Qxd4 a6 6. Be3 e5 7. Qd2 h6 8. Bc4
Be7 9. O-O O-O 10. Rfd1 Qc7 11. Bb3 Be6 12. Nh4 Rd8 13. Ng6 b5 14. Nxe7+ Qxe7
15. Nd5 Nxd5 16. Bxd5 Bxd5 17. Qxd5 Nd7 18. Qxd6 Qxd6 19. Rxd6 Nf6 20. Rxd8+
Rxd8 21. f3 Kf8 22. Kf2 Ke7 23. a4 Rc8 24. c3 Nd7 25. axb5 axb5 26. Ra5 b4 27.
cxb4 Rc2+ 28. Kg3 Rxb2 29. Rb5 Kd6 30. Rd5+ Kc7 31. Bc5 Nxc5 32. Rxc5+ Kd6 33.
Rd5+ Kc6 34. Rxe5 Rxb4 35. Re7 Rb7 36. Rxb7 Kxb7 37. Kf4 Kc6 38. Ke5 Kd7 39.
Kd5 Ke7 40. e5 h5 41. h4 f6 42. e6 g5 43. g3 f5 44. f4 gxf4 45. gxf4 Ke8 46.
Ke5 1-0

[Event "NJ Jeugd Bj"]
[Site "Assen"]
[Date "2017.04.29"]
[Round "9.4"]
[White "Tang, Charlie"]
[Black "Kokje, Joris"]
[Result "1-0"]
[WhiteElo "2041"]
[BlackElo "2187"]
[PlyCount "91"]
[EventDate "2017.??.??"]

1. e4 c5 2. Nf3 d6 3. d4 cxd4 4. Nxd4 Nf6 5. Nc3 a6 6. Be3 e5 7. Nb3 Be6 8. f3
h5 9. Qd2 Nbd7 10. O-O-O Be7 11. Kb1 b5 12. Nd5 Bxd5 13. exd5 Nb6 14. Bxb6 Qxb6
15. Qb4 O-O 16. g4 Qf2 17. Bd3 Qxf3 18. gxh5 Nxh5 19. Rdf1 Qh3 20. Bf5 Qh4 21.
Qc3 Nf4 22. Nc1 Qh5 23. Be4 f5 24. Bf3 Qf7 25. Rhg1 Bf6 26. Qd2 Rac8 27. Ne2
Rc4 28. Nxf4 Rxf4 29. Qd1 Rh4 30. Be2 Be7 31. Bg4 Rxg4 32. Rxg4 Qf6 33. Rg3 Qh6
34. Ra3 e4 35. Rxa6 f4 36. Qd4 e3 37. Qe4 Bg5 38. Ra7 Qf6 39. Qf3 Re8 40. h4 e2
41. Re1 Qd4 42. Qh5 Rf8 43. hxg5 f3 44. Rc1 Qe3 45. Rxg7+ Kxg7 46. Qh6+ 1-0

[Event "NJ Jeugd Bj"]
[Site "Assen"]
[Date "2017.04.29"]
[Round "9.5"]
[White "Van Randtwijk, Mick"]
[Black "Baselmans, Luuk"]
[Result "0-1"]
[WhiteElo "2014"]
[BlackElo "1838"]
[PlyCount "88"]
[EventDate "2017.??.??"]

1. e4 e6 2. d4 d5 3. Nc3 dxe4 4. Nxe4 Be7 5. Nf3 Nf6 6. Nxf6+ Bxf6 7. Bd3 Nd7
8. O-O O-O 9. c4 c5 10. Be3 Qc7 11. Qc2 g6 12. Rad1 b6 13. Be4 Bb7 14. Bxb7
Qxb7 15. d5 exd5 16. Rxd5 Rfd8 17. Rfd1 Nf8 18. Bg5 Qe7 19. Re1 Ne6 20. h4 Bxg5
21. Nxg5 Qf6 22. Nxe6 fxe6 23. Rde5 Rd6 24. g3 Rad8 25. R1e2 Qf3 26. Qe4 Rd1+
27. Re1 Rxe1+ 28. Qxe1 Rd1 29. Rxe6 Rxe1+ 30. Rxe1 Kf7 31. b3 Qc3 32. Re2 Qd3
33. Re1 Qd2 34. Re3 Qxa2 35. Kg2 Qc2 36. Rf3+ Ke7 37. Re3+ Kd6 38. Kg1 a6 39.
Kg2 b5 40. cxb5 axb5 41. Kg1 Kd5 42. Kg2 Kd4 43. Kf1 h5 44. Kg2 c4 0-1

[Event "NJ Jeugd Bj"]
[Site "Assen"]
[Date "2017.04.29"]
[Round "9.6"]
[White "Omota, Vlad"]
[Black "Reichardt, Robin"]
[Result "1/2-1/2"]
[WhiteElo "1895"]
[BlackElo "1855"]
[PlyCount "68"]
[EventDate "2017.??.??"]

1. e4 e5 2. Nf3 Nc6 3. Bc4 Nf6 4. d3 Bc5 5. c3 d6 6. a4 a5 7. Na3 O-O 8. Bg5 h6
9. Bh4 Be6 10. Bxe6 fxe6 11. O-O Qd7 12. Re1 Rf7 13. d4 exd4 14. cxd4 Bb4 15.
Re2 e5 16. dxe5 dxe5 17. Qb3 Rd8 18. h3 Nd4 19. Nxd4 Qxd4 20. Nc2 Qd3 21. Qxd3
Rxd3 22. Nxb4 axb4 23. Bg3 Re7 24. f3 Nd7 25. Bf2 c5 26. a5 Re6 27. Rc1 b3 28.
Re3 Rxe3 29. Bxe3 Rd6 30. Bxc5 Rc6 31. Be3 Rxc1+ 32. Bxc1 Nc5 33. Bd2 Na4 34.
Bc1 Nc5 1/2-1/2